000 01197njm a22002897a 4500
005 20100909154129.0
007 sd ammalaaahaa
008 100901t xxu||||| |||| 00| 0 hin d
028 _aN.55126
_bHis Master's Voice
028 _aOJE.24623
_bHis Master's Voice
035 _aGR-01550
040 _aSED/VEN
100 _917815
_aBhosle, Asha
245 _alove and murder /
_cby Asha Bhosle & Mohd. Rafi : music O. P. Nayyar
_h[sound recording] :
_bHindustani
246 _aलव एंड मुर्देर (आशा भोसले & मोहद. रफ़ी)
260 _aDum Dum, India
_bHis Master's Voice
_c1966
300 _a1 sound disc :
_banalog, 33 1/3 rpm
_c10 in.
500 G _aBrief record
505 _aSide-1 Jaanodil dono hai hazir (जानोदिल दोनों है हाज़िर), Side-2 Tere gesuon ka saaya (तेरे गेसुओं का साया)
650 _aClassical music
_xExcerpts
_zIndia
_917813
700 _918219
_aRafi, Mohd
700 _aNayyar, O. P.
_919232
700 _918220
710 _aO. P. Nayyar
_919101
942 _2ddc
_cGR
999 _c44905
_d44905